| 000 | 01117nam a2200373 a 4500 | ||
|---|---|---|---|
| 003 | AR-BaBNM | ||
| 005 | 20251128205648.0 | ||
| 008 | 082120s2002 ||||||||||||||000 | spa|| | ||
| 020 | _a987-810-022-2 | ||
| 040 | _cAR-BaBNM | ||
| 245 | 0 | 0 |
_aHistoria argentina _bel justicialismo. 14 |
| 260 |
_aBuenos Aires _bOriente _c1993 |
||
| 300 |
_a260 p. _bil., láms., tablas |
||
| 500 | _aObra realizada en homenaje a José María Rosa | ||
| 504 | _aPara consultar el apéndice documental y la bibliografía recurrir al tomo XVII | ||
| 610 | 2 | 4 | _aPartido Justicialista |
| 610 | 2 | 4 | _aUnión Cívica Radical [Argentina] |
| 650 | 4 | _aHISTORIA POLITICA | |
| 650 | 4 | _aPARTIDOS POLITICOS ARGENTINOS | |
| 650 | 4 | _aOLIGARQUIA | |
| 650 | 4 | _aDOCTRINAS POLITICAS | |
| 650 | 4 | _aCLASE BAJA | |
| 650 | 4 | _aREVOLUCION DE SETIEMBRE DE 1955 | |
| 650 | 4 | _aHISTORIA CULTURAL | |
| 650 | 4 | _aHISTORIA ECONOMICA | |
| 651 | 4 | _aArgentina | |
| 653 | _aPERONISMO | ||
| 700 | 1 | _aChavez, Fermín | |
| 700 | 1 | _aCantoni, Juan C. | |
| 700 | 1 | _aManson, Enrique | |
| 700 | 1 | _aSulé, Jorge O. | |
| 942 | _cBK | ||
| 998 | _cMariana | ||
| 999 |
_c12294 _d12294 |
||